000 00762nam a22002657a 4500
005 20260313103518.0
008 260313b |||||||| |||| 00| 0 eng d
020 _a978-1-5063-6601-2
_cRs.2133.00
040 _aLoreto College
041 _aEnglish
082 _a304.2
_bBELL
100 _aBell,Michael Mayerfeld
245 _aAn invitation to environmental sociology
_cMichael Mayerfeld Bell et al.
250 _a6th ed.
260 _aCalifornia
_bSage publications
_c2021
300 _axiv,488p.;25cm.
504 _aInclude index
650 _aSociology
650 _aEnvironmental sociology
700 _4Auth
_aAshwood,Loka L.
700 _4Auth
_aLeslie,Isaac Sohn
700 _4Auth
_aSchlachter,Laura Hanson
850 _aLCLIB
942 _cBK
999 _c44289
_d94768